LEADER 01363nam a2200301 a 4500 001 000000133110 003 CaOOAMICUS 005 20130312130413.0 008 130312s2009 sp u000 u spa r 020 $a978-84-8469-253-9 040 $aPUL$bita 082 04$a110 100 1 $aMelendo, Tomás,$d1951-$0(OLS)http://pul/name/31206 245 10$aMetafísica de lo concreto :$bsobre las relaciones entre filosofía y vida... y una pizca de logoterapia /$cTomás Melendo, Jimena Leizaola (colaboradora) 250 $a2. ed. 260 $aMadrid :$bEdiciones Internacionales Universitarias,$c©2009. 300 $a415 p. ;$c20 cm 504 $aBibliografia in nota. 650 4$aMetafisica$xStudi.$0(OLS)http://pul/subject/8506 700 1 $aLeizaola, Jimena.$0(OLS)http://pul/name/85788 850 $aPUL 852 $aPUL$W1$xSL Filosofia 3$y81$m110 MELTO 2$j153048$qDDC 21$B152544$CPULBib$Z2$F152544 $H121924 $82 941 1 $a9 996 $6020$a978-84-8469-253-9$9(OLS)http://pul/number/152085 996 $6082$a110$9(OLS)http://pul/classification/454 996 $6245$aMetafísica de lo concreto :$bsobre las relaciones entre filosofía y vida... y una pizca de logoterapia$9(OLS)http://pul/title/168180 996 $6260$aMadrid :$bEdiciones Internacionales Universitarias$9(OLS)http://pul/publisher/67106 LEADER 01221nam a2200301 a 4500 001 000000136521 003 CaOOAMICUS 005 20131129113511.0 008 131129s2013 it u000 u ita r 020 $a978-88-498-3873-2 040 $aPUL$bita 082 04$a128 100 1 $aCampodonico, Angelo,$d1949-$0(OLS)http://pul/name/12692 245 12$aL'uomo :$blineamenti di antropologia filosofica /$cAngelo Campodonico. 260 $aSoveria Mannelli :$bRubbettino,$c©2013. 300 $a174 p. ;$c21 cm. 490 1 $aRubbettino Università 504 $aBibliografia p. [155]-167. 650 4$aAntropologia filosofica.$0(OLS)http://pul/subject/676 830 0$aRubbettino università.$0(OLS)http://pul/title/157245 850 $aPUL 852 $aPUL$W1$xSL Filosofia 3$y81$m128 CAMAN 2$j157260$qDDC 21$B156716$CPULBib$Z2$F156716 $H123231 $82 941 1 $a9 996 $6020$a978-88-498-3873-2$9(OLS)http://pul/number/154049 996 $6082$a128$9(OLS)http://pul/classification/461 996 $6245$aL'uomo :$blineamenti di antropologia filosofica$9(OLS)http://pul/title/172770 996 $6260$aSoveria Mannelli :$bRubbettino$9(OLS)http://pul/publisher/51639